000 006660000a22002290004500
003 LK-CoMWRAF
005 20230828132148.0
008 230817t2000 ||||| |||| 00| 0 eng d
020 _a2912606047
040 _aLK-CoMWRAF
_dLK-CoMWRAF
_eLK-CoMWRAF
041 _aeng
082 _bHOO
_a301.61
100 _aHoodfar, Homa
245 _aBuilding Civil Societies:
_ba Guide for Social and Political Activism
260 _aLahore;
_bWLUML,
_c2000
300 _aiii, 118 p.
650 _aSOCIAL ACTIVISM
650 _aPOLITICAL ACTIVISM
700 _aPazira, Nelofer
856 _uhttps://www.wluml.org/wp-content/uploads/2005/12/build-civil-soc.pdf
942 _cBK
999 _c194
_d194